| 000 | 00549nam a2200181Ia 4500 | ||
|---|---|---|---|
| 005 | 20241024082903.0 | ||
| 008 | 240126s9999 xx 000 0 und d | ||
| 020 | _a9789332549746 | ||
| 082 | _a001.6424UNI STE;1 R | ||
| 100 | _aStevens, W Richard.Fenner, Bill. Rudoff, Andrew M. | ||
| 245 | 0 | _aUnix network programming : the sockets networking API V.1 | |
| 250 | _a3rd ed. | ||
| 260 |
_bPearson _aSouth Asia _c2015 |
||
| 300 | _axxiii, 991 | ||
| 440 | _aNULL | ||
| 650 | _aUnix,network,programming,sockets,networking,API,V.1 | ||
| 942 | _cPU | ||
| 999 |
_c282332 _d282332 |
||